| 000 | 00546nam a22002057a 4500 | ||
|---|---|---|---|
| 003 | OSt | ||
| 005 | 20260420151825.0 | ||
| 008 | 260420b |||||||| |||| 00| 0 eng d | ||
| 020 | _a978-0-06-302577-6 | ||
| 040 | _cSBCL | ||
| 082 |
_a821 _bBAR-R |
||
| 100 | _aBarks, Coleman | ||
| 245 |
_aRumi the Book of Love _bPoems of Ecstasy and Longing |
||
| 260 |
_aNew york _bHarperCollins Publishers _c2005 |
||
| 300 | _a182p. | ||
| 630 | _xLiterature | ||
| 650 | _aEnglish and Old English Literatures | ||
| 650 | _aEnglish Poetry | ||
| 942 | _cBOOK | ||
| 999 |
_c137986 _d137986 |
||